Suvannabhumi : Multi-disciplinary of southeast asian studies

Na minha lista:
Detalhes bibliográficos
Formato: Livro
Idioma:Undetermined
Publicado em: Korea Busan university of foreign studies 2018
Assuntos:
Tags: Adicionar Tag
Sem tags, seja o primeiro a adicionar uma tag!
Thư viện lưu trữ: Trung tâm Học liệu Trường Đại học Cần Thơ
LEADER 00537nam a2200181Ia 4500
001 CTU_235316
008 210402s9999 xx 000 0 und d
082 |a 959 
082 |b S939 
245 0 |a Suvannabhumi : 
245 0 |b Multi-disciplinary of southeast asian studies 
245 0 |c Busan university of foreign studies, Korea 
260 |a Korea 
260 |b Busan university of foreign studies 
260 |c 2018 
650 |a Southeast asian studies 
904 |i T.Trang 
980 |a Trung tâm Học liệu Trường Đại học Cần Thơ